Formule 1 - Grand Prix de 2026 - Statistiques

Statistiques générales
  • Ce quiz a été pris 119 fois
  • Le résultat moyen est 15 sur 24
Statistiques - réponses
Dates Circuits % Correct
8 mars 2026 Melbourne, Australie
100%
15 mars 2026 Shanghai, Chine
89%
29 mars 2026 Suzuka, Japon
84%
19 avril 2026 Djeddah, Arabie Saoudite
70%
12 avril 2026 Sakhir, Bahrein
70%
3 mai 2026 Miami, Floride, États-Unis
67%
7 juin 2026 Montréal, Canada
64%
25 mai 2026 Monte-Carlo, Monaco
63%
29 novembre 2026 Doha, Qatar
60%
6 décembre 2026 Yas Marina, Abou Dhabi, Émirats Arabes Unis
59%
21 novembre 2026 Las Vegas, Nevada, États-Unis
58%
1er novembre 2026 Mexico, Mexique
58%
19 juillet 2026 Spa-Francorchamps, Belgique
57%
6 septembre 2026 Monza, Italie
56%
25 octobre 2026 Austin, Texas, États-Unis
54%
8 novembre 2026 Sao Paulo, Brésil
54%
14 juin 2026 Barcelone, Espagne
53%
26 juillet 2026 Budapest, Hongrie
52%
5 juillet 2026 Silverstone, Grande-Bretagne
52%
28 juin 2026 Spielberg, Autriche
51%
23 août 2026 Zandvoort, Pays-Bas
51%
11 octobre 2026 Marina Bay, Singapour
49%
26 septembre 2026 Bakou, Azerbaïdjan
47%
18 mai 2026 Madrid, Espagne
44%
Aucun quiz correspondant
Distribution des résultats
% des personnes avec chaque résultat
Percentile par nombre de réponses
Votre historique - résultats
Vous n’avez pas pris ce quiz